Surface Production Operations / (Record no. 6257)
[ view plain ]
| 000 -LEADER | |
|---|---|
| fixed length control field | 01424nam a22003375a 4500 |
| 008 - FIXED-LENGTH DATA ELEMENTS--GENERAL INFORMATION | |
| fixed length control field | 110517t1999 txua frb 001 0 eng d |
| 010 ## - LIBRARY OF CONGRESS CONTROL NUMBER | |
| LC control number | 97038110 |
| 020 ## - INTERNATIONAL STANDARD BOOK NUMBER | |
| International Standard Book Number | 0884158217 (v. 1 : alk. paper) |
| 020 ## - INTERNATIONAL STANDARD BOOK NUMBER | |
| International Standard Book Number | 0884158225 (v. 2 : alk. paper) |
| 020 ## - INTERNATIONAL STANDARD BOOK NUMBER | |
| International Standard Book Number | 9780884158226 (v. 2 : alk. paper) |
| 040 ## - CATALOGING SOURCE | |
| Original cataloging agency | EG-ScBUE |
| Language of cataloging | eng |
| Transcribing agency | EG-ScBUE |
| 082 04 - DEWEY DECIMAL CLASSIFICATION NUMBER | |
| Classification number | 665.7 |
| Item number | ARN |
| Edition number | 22 |
| 100 1# - MAIN ENTRY--PERSONAL NAME | |
| Personal name | Arnold, Ken, |
| 9 (RLIN) | 23874 |
| 245 10 - TITLE STATEMENT | |
| Title | Surface Production Operations / |
| Statement of responsibility, etc | Ken Arnold, Maurice Stewart. |
| Number of part/section of a work | VOL.2 . |
| Name of part/section of a work | Design of gas-handling systems and facilities, |
| 250 ## - EDITION STATEMENT | |
| Edition statement | 2nd ed. |
| 260 ## - PUBLICATION, DISTRIBUTION, ETC. (IMPRINT) | |
| Place of publication, distribution, etc | Houston, Tex. : |
| Name of publisher, distributor, etc | Gulf Professional pub. , |
| Date of publication, distribution, etc | c.1999. |
| 300 ## - PHYSICAL DESCRIPTION | |
| Extent | 2 v. : |
| Other physical details | ill. ; |
| Dimensions | 24 cm. |
| 500 ## - GENERAL NOTE | |
| General note | Indexes. |
| 504 ## - BIBLIOGRAPHY, ETC. NOTE | |
| Bibliography, etc | Includes bibliographical references. |
| 505 0# - FORMATTED CONTENTS NOTE | |
| Formatted contents note | v. 1. Design of Oil-Handling Systems and Facilities -- v. 2. Design of Gas-Handling Systems and Facilities. |
| 590 ## - LOCAL NOTE (RLIN) | |
| Local note | Menna Elemam |
| 650 #0 - SUBJECT ADDED ENTRY--TOPICAL TERM | |
| Topical term or geographic name as entry element | Petroleum engineering |
| General subdivision | Equipment and supplies. |
| 9 (RLIN) | 23875 |
| Source of heading or term | BUEsh |
| 650 #0 - SUBJECT ADDED ENTRY--TOPICAL TERM | |
| Topical term or geographic name as entry element | Oil fields |
| General subdivision | Equipment and supplies. |
| 9 (RLIN) | 23876 |
| Source of heading or term | BUEsh |
| 650 #0 - SUBJECT ADDED ENTRY--TOPICAL TERM | |
| Topical term or geographic name as entry element | Oil fields |
| General subdivision | Production methods. |
| 9 (RLIN) | 23877 |
| Source of heading or term | BUEsh |
| 651 ## - SUBJECT ADDED ENTRY--GEOGRAPHIC NAME | |
| Source of heading or term | BUEsh |
| 653 ## - INDEX TERM--UNCONTROLLED | |
| Resource For college | Engineering, Petroleum |
| Arrived date list | August2015 |
| 700 1# - ADDED ENTRY--PERSONAL NAME | |
| Personal name | Stewart, Maurice. |
| 9 (RLIN) | 23878 |
| 856 41 - ELECTRONIC LOCATION AND ACCESS | |
| Materials specified | Table of contents |
| Uniform Resource Identifier | <a href="http://www.loc.gov/catdir/toc/els051/97038110.html">http://www.loc.gov/catdir/toc/els051/97038110.html</a> |
| 856 41 - ELECTRONIC LOCATION AND ACCESS | |
| Materials specified | Publisher description |
| Uniform Resource Identifier | <a href="http://www.loc.gov/catdir/description/els032/97038110.html">http://www.loc.gov/catdir/description/els032/97038110.html</a> |
| 942 ## - ADDED ENTRY ELEMENTS (KOHA) | |
| Item type | NB - Book (Non borrowing) |
| Call number prefix | 665.7 ARN |
| Source of classification or shelving scheme | Dewey Decimal Classification |
| Withdrawn status | Item status | Source of classification or shelving scheme | Materials specified (bound volume or other part) | Damaged status | Not for loan | Vendor | Home library | Current library | Shelving location | Date acquired | Source of acquisition | Total Checkouts | Total Renewals | Full call number | Barcode | Date last seen | Date last borrowed | Koha item type | Public note |
|---|---|---|---|---|---|---|---|---|---|---|---|---|---|---|---|---|---|---|---|
| Lost | Dewey Decimal Classification | Lost In Inventory_2005-2015/8/22 | Central Library | Central Library | First floor | 19/11/2007 | 3 | 9 | 665.7 ARN | 000007843 | 17/01/2013 | 02/12/2012 | Book - Borrowing | ||||||
| Dewey Decimal Classification | Central Library | Central Library | First floor | 19/11/2007 | Purchase | 6 | 19 | 665.7 ARN | 000007844 | 15/07/2025 | 10/06/2013 | Book - Borrowing | |||||||
| Dewey Decimal Classification | Central Library | Central Library | First floor | 17/05/2011 | 3 | 37 | 665.7 ARN | 000023584 | 15/07/2025 | 02/04/2019 | Book - Borrowing | v.2 |